Reglamento para la ejecución del estatuto municipal
Descripción Física:
1 v. paginació múltiple ; 15 cm
MARC
| LEADER | 00000nam a2200000Ia 4500 | ||
|---|---|---|---|
| 001 | 17276 | ||
| 008 | 160829s9999 xx 000 0 cat d | ||
| 080 | |a D-3-63 | ||
| 245 | |a Reglamento para la ejecución del estatuto municipal | ||
| 250 | |a 2a ed. | ||
| 260 | |a Madrid : |b Góngora, [1925] | ||
| 300 | |a 1 v. paginació múltiple ; |c 15 cm | ||
| 490 | |a Revista de los Tribunales y de Legislación Universal. Biblioteca de bolsillo. Códigos y leyes anotados | ||
| 590 | |a Títol tret de la coberta | ||
| 650 | 0 | |a Dret municipal |z Espanya |9 11112 | |
| 650 | |a Dret municipal |x Legislació |x Espanya |9 28977 | ||
| 901 | |a Arxiu | ||
| 942 | |n 1 | ||
| 952 | |0 0 |1 0 |4 0 |6 D363 |7 1 |9 42107 |a Arxiu |b Arxiu |d 2016-12-01 |l 0 |o D-3-63 |p 17276 |r 2016-12-01 00:00:00 |w 2016-12-01 |y ARXIU | ||
| 999 | |c 44554 |d 44554 | ||